Métodos de evaluación para determinar las necesidades de conservación en bibliotecas y archivos: (Registro nro. 4919)
[ vista simple ]
| 000 -LEADER | |
|---|---|
| fixed length control field | 01040nam a2200217Ia 4500 |
| 003 - CONTROL NUMBER IDENTIFIER | |
| control field | OSt |
| 005 - DATE AND TIME OF LATEST TRANSACTION | |
| control field | 20200327112019.0 |
| 008 - FIXED-LENGTH DATA ELEMENTS--GENERAL INFORMATION | |
| fixed length control field | 191128s1988 it gr 001 0 spa d |
| 040 ## - CATALOGING SOURCE | |
| Original cataloging agency | CO-JMCR |
| Transcribing agency | CO-JMCR |
| 082 04 - DEWEY DECIMAL CLASSIFICATION NUMBER | |
| Classification number | 025.84 / |
| Item number | M27m |
| 100 1# - MAIN ENTRY--PERSONAL NAME | |
| Personal name | Cunha, George Marn, |
| Relator term | autora |
| 9 (RLIN) | 2023 |
| 245 10 - TITLE STATEMENT | |
| Title | Métodos de evaluación para determinar las necesidades de conservación en bibliotecas y archivos: |
| Remainder of title | Un estudio del rampa con recomendaciones prácticas / |
| Statement of responsibility, etc. | George Marn Cunha |
| 260 ## - PUBLICATION, DISTRIBUTION, ETC. | |
| Place of publication, distribution, etc. | París : |
| Name of publisher, distributor, etc. | UNESCO, |
| Date of publication, distribution, etc. | 1988 |
| 300 ## - PHYSICAL DESCRIPTION | |
| Extent | 72 páginas ; |
| Dimensions | 24 cm |
| 490 0# - SERIES STATEMENT | |
| Series statement | Colección estudios de RAMP |
| 505 ## - FORMATTED CONTENTS NOTE | |
| Formatted contents note | Causas de deterioro de libros y documentos -- Requisitos esenciales para programas de conservación de gran alcance -- Cómo evaluar el estado material de las colecciones -- Preparación de un informe/Espacios dentro del edificio -- Recomendaciones para el tratamiento |
| 546 ## - LANGUAGE NOTE | |
| Language note | spa |
| 650 14 - SUBJECT ADDED ENTRY--TOPICAL TERM | |
| Topical term or geographic name entry element | Conservación |
| General subdivision | restauración de libros |
| 9 (RLIN) | 2024 |
| 650 24 - SUBJECT ADDED ENTRY--TOPICAL TERM | |
| Topical term or geographic name entry element | Conservación |
| General subdivision | restauración de manuscritos |
| 9 (RLIN) | 2025 |
| 942 ## - ADDED ENTRY ELEMENTS (KOHA) | |
| Source of classification or shelving scheme | Dewey Decimal Classification |
| Koha item type | Books |
| Withdrawn status | Lost status | Source of classification or shelving scheme | Materials specified (bound volume or other part) | Damaged status | Not for loan | Home library | Current library | Date acquired | Source of acquisition | Cost, normal purchase price | Total Checkouts | Full call number | Barcode | Date last seen | Copy number | Price effective from | Koha item type |
|---|---|---|---|---|---|---|---|---|---|---|---|---|---|---|---|---|---|
| Dewey Decimal Classification | Donación--15/04/2018-- | Biblioteca Pública José María del Castillo y Rada | Biblioteca Pública José María del Castillo y Rada | 11/28/2019 | Donación | 0.00 | 025.84 / M27m | 430000979 | 05/16/2024 | Ej.1 | 11/28/2019 | Books |